000 00678nam a2200205 i 4500
001 89829
003 ES-MaACL
005 20230906180300.0
007 t|
008 050114s1979 sp ||||1| spa d
100 1 _aLauster, Franz.
_970659
245 1 0 _aElectrotecnia industrial /
_cFranz Lauster ; bajo la dirección de F. Moeller ; traducido por Francisco Hernández y Enrique Reina Reina.
260 _aBilbao :
_bUrmo,
_c[1979]
300 _a339 p. :
_bil. ;
_c25 cm.
650 4 _aElectrotecnia.
_912169
700 1 _aMoeller, Franz.
_981764
700 1 _aHernández, Francisco.
_962814
700 1 _aReina Reina, Enrique.
_996036
852 _aES-MaACL
_jL-72
_bR.100782
999 _c89829
_d89829